Yacuanquer y Trujillo (Registro nro. 311815)

Detalles MARC
000 -ENCABEZADO
Número de control [NR] 01659cam a2200313 i 4500
003 - IDENTIFICADOR DE CONTROL NÚMERO
control field Co-BoUCM
005 - FECHA Y HORA DE LA ÚLTIMA TRANSACCIÓN
control field 20190423083846.0
007 - CAMPO DESCRIPCIÓN FÍSICA FIJA - INFORMACIÓN GENERAL
fixed length control field ta
008 - DE LONGITUD FIJA DE DATOS DE ELEMENTOS - INFORMACIÓN GENERAL
Elementos de longitud fija [NR] 190423s2018 ck a gr 000 0 spa d
015 ## - NUMERO DE BIBLIOGRAFIA NACIONAL [R]
Número de bibliografía nacional [R] SSS
020 ## - NUMERO INTERNACIONAL NORMALIZADO PARA LIBROS [R]
Número Internacional Normalizado del libro [NR] 9789587812459
040 ## - FUENTE DE CATALOGACION [NR]
Agencia de catalogación original [NR] Co-BoUCM
Idioma de catalogación [NR] spa
Quien Cataloga Saul Niño
Quien Clasifica Saul Niño
041 0# - CODIGO DE IDIOMA [R]
Código de idioma para texto/pista de sonido o título separado [R] Español
245 10 - MENCION DE TITULO [NR]
Título [NR] Yacuanquer y Trujillo
Parte restante del título [NR] relatos de despojos y resistencias
Mención de responsabilidad, etc. [NR] equipo de investigación María Fernanda Sañudo Pazo, Danna Carolina Aguilar Gómez ; presentación Viviana Peña Herrera
260 ## - PUBLICACION, DISTRIBUCION, ETC. (PIE DE IMPRENTA) [R]
Lugar de publicación, distribución, etc. [R] Bogotá (Colombia)
Nombre del editor, distribuidor, etc. [R] Pontificia Universidad Javeriana
Fecha de publicación, distribución, etc. [R] 2018
300 ## - DESCRIPCION FISICA [R]
Extensión [R] 63 páginas
Otros detalles físicos [NR] ilustraciones
505 0# - NOTA DE CONTENIDO CON FORMATO PREESTABLECIDO [R]
Información miscelánea [R] El
State manifest and birth record (1764-1977). camino del trigo /
Mención de responsabilidad [R] Benjamín Sañudo. --
State manifest and birth record (1764-1977). Somos semilla. --
-- Del trigo a la arena. --
-- Volver a la minga.--
-- Trujillo. --
-- Memorias de Tiberio. --
-- Trochas y desiertos. --
Información miscelánea [R] El
State manifest and birth record (1764-1977). retorno. --
-- Nos cayó la roya
650 #7 - ASIENTO SECUNDARIO DE MATERIA - TERMINO TEMATICO [R]
Término temático o nombre geográfico como elemento de entrada [NR] Conflicto armado
Subdivisión geográfica [R] Trujillo (Valle del Cauca, Colombia)
Subdivisión de forma [R] Relatos personales
9 (RLIN) 11564
650 #7 - ASIENTO SECUNDARIO DE MATERIA - TERMINO TEMATICO [R]
Término temático o nombre geográfico como elemento de entrada [NR] Conflicto armado
Subdivisión geográfica [R] Yacuanquer (Nariño, Colombia)
Subdivisión de forma [R] Relatos personales
9 (RLIN) 11564
650 #7 - ASIENTO SECUNDARIO DE MATERIA - TERMINO TEMATICO [R]
Término temático o nombre geográfico como elemento de entrada [NR] Violencia
Subdivisión geográfica [R] Trujillo (Valle, Colombia)
Subdivisión de forma [R] Relatos personales
9 (RLIN) 422
650 24 - ASIENTO SECUNDARIO DE MATERIA - TERMINO TEMATICO [R]
Término temático o nombre geográfico como elemento de entrada [NR] Violencia
Subdivisión geográfica [R] Yacuanquer (Nariño, Colombia)
Subdivisión de forma [R] Relatos personales
9 (RLIN) 96033
650 #7 - ASIENTO SECUNDARIO DE MATERIA - TERMINO TEMATICO [R]
Término temático o nombre geográfico como elemento de entrada [NR] Atrocidades
Subdivisión geográfica [R] Yacuanquer (Nariño, Colombia)
Subdivisión de forma [R] Relatos personales
9 (RLIN) 9731
650 24 - ASIENTO SECUNDARIO DE MATERIA - TERMINO TEMATICO [R]
Término temático o nombre geográfico como elemento de entrada [NR] Atrocidades
Subdivisión geográfica [R] Trujillo (Valle del Cauca, Colombia)
Subdivisión de forma [R] Relatos personales
9 (RLIN) 96034
700 1# - ASIENTO SECUNDARIO - NOMBRE PERSONAL [R]
Nombre personal [NR] Sañudo Pazos, María Fernanda
9 (RLIN) 96035
700 1# - ASIENTO SECUNDARIO - NOMBRE PERSONAL [R]
Nombre personal [NR] Aguilar Gómez, Danna Carolina
9 (RLIN) 96036
710 2# - ASIENTO SECUNDARIO - NOMBRE CORPORATIVO [R]
Nombre corporativo o de jurisdicción como elemento de entrada [NR] Instituto de Estudios Sociales y Culturales
9 (RLIN) 96037
942 ## - ELEMENTOS DE ENTRADA AGREGADOS (KOHA)
Sistema de clasificación DEWEY
Tema principal Sociología
Tipo de ítem principal el descrito en 300a Libro
Edición 1
Clasificación 303.62861
Parte restante de la signatura top. Y23r
Existencias
Fecha de último préstamo Total préstamos Signatura topográfica Código de barras Última vez visto Ejemplar Costo de reposición Price effective from Tipo de ítem Perdido Sistema de clasificación Dañado No prestable Tipo de ítem específico Suprimido Ubicación habitual Ubicación actual Localización Fecha de creación Proveedor Forma de adquisición Costo
16/01/2023 1 303.62861 Y23r 100159742 09/12/2025 Ej.1 26000.00 12/04/2019 Libro   DEWEY     Libro   Claustro Claustro 2do piso 12/04/2019 12 Donación 0.00